000 00591nam a2200217 a 4500
001 23849
003 CO-ViMGA
008 141112s2004 ck r 000 u spa d
020 _a9789583005534
040 _aCO-ViMGA
_bspa
_cCO-ViMGA
082 0 4 _aWILg
100 1 _aWilde, Oscar
_98169
245 1 0 _aEl gigante egoista /
_cOscar Wilde
260 _aColombia :
_bpanAméricana
300 _a36p.
490 _aCaja de colores
650 1 4 _a2 : GIGANTES - CUENTOS INFANTILES
_934552
650 1 4 _a3 : CUENTOS INFANTILES INGLESES
_934553
650 1 4 _aCUENTOS INGLESES
942 _2ddc
_cBK
999 _c31927
_d31927